[Event "XX Festival A"]
[Site "Lucca ITA"]
[Date "2008.10.04"]
[Round "1"]
[White "Salvador, Roland"]
[Black "Giuntoli, Andrea"]
[Result "1-0"]
[WhiteElo "2464"]
[BlackElo "2021"]
[PlyCount "73"]
[EventDate "2008.10.04"]

1. d4 Nf6 2. Nf3 g6 3. Nc3 Bg7 4. e4 d6 5. Be3 O-O 6. Qd2 Nbd7 7. Bh6 e5 8.
Bxg7 Kxg7 9. O-O-O Qe7 10. h4 Nb6 11. Nh2 Nh5 12. g3 Bd7 13. Be2 Nf6 14. h5
Rae8 15. d5 Rh8 16. h6+ Kf8 17. g4 Ng8 18. g5 f5 19. f4 fxe4 20. Rhf1 exf4 21.
Rxf4+ Bf5 22. Rdf1 Qd7 23. Qd4 Re5 24. Ng4 Qe7 25. Nxe5 Qxe5 26. Rxf5+ gxf5 27.
Qxe5 dxe5 28. Rxf5+ Ke7 29. Nxe4 Kd8 30. Rf8+ Ke7 31. Rb8 Nxd5 32. Bc4 Ke6 33.
Bxd5+ Kxd5 34. Nf6+ Nxf6 35. Rxh8 Ne4 36. g6 hxg6 37. Rd8+ 1-0

[Event "XX Festival A"]
[Site "Lucca ITA"]
[Date "2008.10.04"]
[Round "1"]
[White "Sciortino, Massimo"]
[Black "Pitimada, Mirko"]
[Result "1-0"]
[WhiteElo "2222"]
[BlackElo "1974"]
[PlyCount "122"]
[EventDate "2008.10.04"]

1. e4 e6 2. d4 d5 3. Nc3 Bb4 4. e5 c5 5. Bd2 Nh6 6. dxc5 Nd7 7. Nf3 Nxc5 8. a3
Bxc3 9. Bxc3 Ne4 10. Bd4 Nf5 11. Be2 O-O 12. O-O Bd7 13. b4 Nxd4 14. Qxd4 Qb6
15. Bd3 Qxd4 16. Nxd4 Nc3 17. f4 a6 18. Rf3 Nb5 19. Bxb5 axb5 20. Rc3 Rfc8 21.
Rxc8+ Rxc8 22. Rd1 f6 23. Kf2 Kf7 24. Rd3 Rc4 25. g3 Rc8 26. Ke3 Rc4 27. Rb3
Ke7 28. Kd3 Rc8 29. Rc3 Rc4 30. Nb3 fxe5 31. fxe5 Re4 32. Rc7 Kd8 33. Rxd7+
Kxd7 34. Nc5+ Ke7 35. Nxe4 dxe4+ 36. Kxe4 Kd7 37. Kd4 Kc6 38. c3 b6 39. c4 bxc4
40. Kxc4 b5+ 41. Kd4 Kb6 42. Ke3 Kc7 43. Kf4 Kc6 44. Ke4 Kb6 45. Kd3 Kc6 46.
Kd4 Kb6 47. Kc3 Kc6 48. Kb3 Kd5 49. a4 bxa4+ 50. Kxa4 Kxe5 51. b5 Kd6 52. Kb4
e5 53. Kc4 e4 54. Kd4 e3 55. Kxe3 Kc5 56. Ke4 Kxb5 57. Ke5 Kc5 58. Ke6 Kd4 59.
Kf7 g5 60. Kg7 Ke4 61. Kxh7 Kf5 1-0

[Event "XX Festival A"]
[Site "Lucca ITA"]
[Date "2008.10.04"]
[Round "1"]
[White "Tocchioni, Doriano"]
[Black "Bini, Lorenzo"]
[Result "1-0"]
[WhiteElo "2259"]
[BlackElo "1996"]
[PlyCount "51"]
[EventDate "2008.10.04"]

1. c4 g6 2. Nc3 Bg7 3. e4 d6 4. d4 c6 5. Be3 Nd7 6. Nf3 h6 7. Qd2 a6 8. h3 g5
9. Bd3 Qc7 10. Ne2 Ngf6 11. Ng3 c5 12. Nf5 Bf8 13. d5 b5 14. b3 e6 15. dxe6
fxe6 16. Ng3 bxc4 17. Bxc4 Nb6 18. Bd3 e5 19. Rc1 a5 20. Bb5+ Kf7 21. O-O Be7
22. Bxg5 hxg5 23. Nxg5+ Kg8 24. f4 Rb8 25. fxe5 dxe5 26. Rc3 1-0

[Event "XX Festival A"]
[Site "Lucca ITA"]
[Date "2008.10.05"]
[Round "2"]
[White "De Filomeno, Simone"]
[Black "Gazzarri, Leonardo"]
[Result "1-0"]
[WhiteElo "2147"]
[BlackElo "2039"]
[PlyCount "103"]
[EventDate "2008.10.04"]

1. e4 e5 2. Nf3 Nc6 3. Bb5 a6 4. Ba4 Nf6 5. d3 b5 6. Bb3 Bb7 7. c3 Bc5 8. Nbd2
d6 9. Nf1 h6 10. Ng3 Ne7 11. O-O Ng6 12. d4 Bb6 13. Re1 O-O 14. Bc2 d5 15. Nxe5
Nxe5 16. dxe5 Nxe4 17. Nxe4 dxe4 18. Be3 Bxe3 19. Rxe3 f5 20. exf6 Qxf6 21. Qe2
Rae8 22. Rd1 Qf4 23. g3 Qf6 24. Rd2 Qg5 25. Qe1 Re7 26. Rde2 Rfe8 27. h4 Qc5
28. Bxe4 Bxe4 29. Rxe4 Rxe4 30. Rxe4 Rf8 31. Re8 Rxe8 32. Qxe8+ Kh7 33. Qe4+ g6
34. g4 h5 35. gxh5 Qxh5 36. Qe7+ Kh6 37. Qf8+ Kh7 38. Qf7+ Kh6 39. Qf4+ Kh7 40.
Qxc7+ Kh6 41. Qf4+ Kg7 42. f3 Kh7 43. Qf7+ Kh8 44. Qe8+ Kh7 45. Qe7+ Kh8 46.
Qe4 Kh7 47. b4 Kh6 48. Kg2 Kh7 49. Kg3 Kh8 50. Qe8+ Kh7 51. Qe7+ Kh8 52. Qg5
1-0

[Event "XX Festival A"]
[Site "Lucca ITA"]
[Date "2008.10.05"]
[Round "2"]
[White "Innocenti, Luca"]
[Black "Tocchioni, Doriano"]
[Result "0-1"]
[WhiteElo "2070"]
[BlackElo "2259"]
[PlyCount "22"]
[EventDate "2008.10.04"]

1. c4 b6 2. Nc3 Bb7 3. e4 e6 4. Nge2 Ne7 5. d3 d5 6. Bf4 Ng6 7. cxd5 exd5 8.
Qb3 Nxf4 9. Nxf4 d4 10. Ncd5 c6 11. Nb4 Qd6 0-1

[Event "XX Festival A"]
[Site "Lucca ITA"]
[Date "2008.10.05"]
[Round "2"]
[White "Madiai, Federico"]
[Black "Salvador, Roland"]
[Result "0-1"]
[WhiteElo "2096"]
[BlackElo "2464"]
[PlyCount "120"]
[EventDate "2008.10.04"]

1. Nf3 Nf6 2. d4 e6 3. c4 b6 4. a3 Bb7 5. Nc3 d6 6. Qc2 Nbd7 7. e4 e5 8. d5 g6
9. Be2 Bg7 10. O-O Nh5 11. Ne1 Nf4 12. Nd3 Nxd3 13. Bxd3 O-O 14. Be3 Nf6 15.
Be2 Bc8 16. b4 Bg4 17. Rac1 Bxe2 18. Qxe2 Qd7 19. f3 Nh5 20. Rc2 Nf4 21. Bxf4
exf4 22. Qd3 a5 23. b5 Qe7 24. Ne2 Qe5 25. Rd1 f5 26. exf5 Rxf5 27. Nd4 Qxd4+
28. Qxd4 Bxd4+ 29. Rxd4 Re8 30. Re4 Rxe4 31. fxe4 Re5 32. Re2 Kg7 33. Kf2 Kf6
34. Kf3 g5 35. g3 fxg3 36. hxg3 h5 37. Ke3 Re7 38. Rf2+ Kg6 39. Rf8 Rh7 40. e5
dxe5 41. Ke4 h4 42. gxh4 Rxh4+ 43. Kxe5 Rxc4 44. Rc8 Kf7 45. Rd8 g4 46. Rd7+
Kg6 47. Rd8 Kg5 48. Ke6 g3 49. Kd7 Rg4 50. Kxc7 g2 51. Rg8+ Kf5 52. Rxg4 Kxg4
53. d6 g1=Q 54. d7 Qc5+ 55. Kb8 Qe7 56. Kc8 Qxa3 57. d8=Q Qc5+ 58. Kb7 Qxb5 59.
Qg8+ Kf4 60. Qf7+ Ke4 0-1

[Event "XX Festival A"]
[Site "Lucca ITA"]
[Date "2008.10.05"]
[Round "2"]
[White "Mazzini, Mauro"]
[Black "Sciortino, Massimo"]
[Result "1-0"]
[WhiteElo "2060"]
[BlackElo "2222"]
[PlyCount "69"]
[EventDate "2008.10.04"]

1. e4 e5 2. f4 Bc5 3. Nf3 d6 4. d4 exd4 5. Bd3 Nf6 6. O-O Nc6 7. h3 d5 8. e5
Ne4 9. Qe1 Nb4 10. Kh2 g6 11. a3 Nc6 12. Nbd2 Nxd2 13. Bxd2 Be6 14. b4 Bb6 15.
Ng5 Qd7 16. g4 Ne7 17. f5 gxf5 18. gxf5 Nxf5 19. Bxf5 Bxf5 20. e6 Bxe6 21. Rxf7
Qxf7 22. Nxf7 Kxf7 23. Qe5 Rhg8 24. Rf1+ Ke7 25. Rf6 Rae8 26. Rxe6+ Kd7 27.
Qxd5+ Kc8 28. Rxe8+ Rxe8 29. Bf4 Rf8 30. Qe6+ Kb8 31. Qe7 Rh8 32. Be5 Rc8 33.
Qxh7 a6 34. Qd7 Rf8 35. Bxd4 1-0

[Event "XX Festival A"]
[Site "Lucca ITA"]
[Date "2008.10.05"]
[Round "2"]
[White "Neubauer, Kai"]
[Black "Frugoli, Francesco"]
[Result "1/2-1/2"]
[WhiteElo "2016"]
[BlackElo "2161"]
[PlyCount "89"]
[EventDate "2008.10.04"]

1. d4 d5 2. c4 Nc6 3. Nc3 Nf6 4. Bg5 Ne4 5. Bf4 e6 6. e3 Bb4 7. Rc1 O-O 8. Bd3
Qe7 9. Qh5 f5 10. Nf3 Bd7 11. Ne5 Nxe5 12. Bxe5 Be8 13. Qh3 c6 14. f3 Nxc3 15.
bxc3 Bd6 16. Qg3 Bxe5 17. Qxe5 Qf6 18. Qxf6 Rxf6 19. Rb1 b6 20. Kf2 Rc8 21. c5
bxc5 22. dxc5 Rf7 23. Ba6 Rd8 24. Rb4 Re7 25. Rhb1 Kf7 26. Rb7 Rxb7 27. Rxb7+
Rd7 28. Ke2 Rxb7 29. Bxb7 Ke7 30. Kd3 e5 31. f4 Ke6 32. Bc8+ Kf6 33. Kc2 g6 34.
Kb3 exf4 35. exf4 Ke7 36. Kb4 Kd8 37. Ba6 Bd7 38. c4 Be6 39. cxd5 Bxd5 40. g3
Bxa2 41. Ka5 Kd7 42. Be2 Ke6 43. Bf3 Bd5 44. Be2 h6 45. Ka6 1/2-1/2

[Event "XX Festival A"]
[Site "Lucca ITA"]
[Date "2008.10.05"]
[Round "2"]
[White "Parrini, Daniele"]
[Black "Riccio, Eros"]
[Result "0-1"]
[WhiteElo "2034"]
[BlackElo "2203"]
[PlyCount "77"]
[EventDate "2008.10.04"]

1. e4 c5 2. Nf3 d6 3. d4 cxd4 4. Nxd4 Nf6 5. Nc3 a6 6. g3 e5 7. Nde2 Be7 8. Bg2
O-O 9. O-O Qc7 10. h3 b5 11. a3 Nbd7 12. g4 Nb6 13. Ng3 Rd8 14. g5 Ne8 15. Be3
Be6 16. Nf5 Bf8 17. Bxb6 Qxb6 18. Ne3 Nc7 19. Ncd5 Nxd5 20. Nxd5 Qc5 21. Ne3
Be7 22. h4 f6 23. gxf6 Bxf6 24. h5 Bg5 25. Nd5 Rac8 26. c3 Rd7 27. Qd3 Rf7 28.
Bh3 Bxh3 29. Qxh3 Rcf8 30. Qg3 h6 31. b4 Qc4 32. f3 Qe2 33. Qg2 Qc4 34. a4 bxa4
35. Rxa4 Qd3 36. f4 Bxf4 37. Kh1 Bg5 38. Rg1 Rf3 39. Ne7+ 0-1

[Event "XX Festival A"]
[Site "Lucca ITA"]
[Date "2008.10.05"]
[Round "3"]
[White "Frugoli, Francesco"]
[Black "De Filomeno, Simone"]
[Result "1/2-1/2"]
[WhiteElo "2161"]
[BlackElo "2147"]
[PlyCount "75"]
[EventDate "2008.10.04"]

1. e4 c5 2. Nf3 Nc6 3. Bb5 g6 4. O-O Bg7 5. c3 e5 6. d3 Nge7 7. Re1 O-O 8. Nbd2
a6 9. Ba4 d6 10. Nf1 b5 11. Bb3 h6 12. Ng3 Kh7 13. a4 Bb7 14. h4 Qd7 15. axb5
axb5 16. Rxa8 Bxa8 17. h5 Kh8 18. Nh4 g5 19. Nhf5 Nxf5 20. Nxf5 Ne7 21. Nxe7
Qxe7 22. Be3 Rd8 23. Qf3 Kg8 24. Ra1 Qc7 25. c4 b4 26. Qd1 Bc6 27. Ba4 Ra8 28.
Bb5 Qb6 29. Rxa8+ Bxa8 30. Qa4 Bb7 31. Kf1 Kh7 32. Ke2 Bf6 33. Kd2 Bd8 34. Kc2
Qa5 35. Qxa5 Bxa5 36. b3 Bc8 37. f3 f6 38. g4 1/2-1/2

[Event "XX Festival A"]
[Site "Lucca ITA"]
[Date "2008.10.05"]
[Round "3"]
[White "Salvador, Roland"]
[Black "Paolinelli, Giacomo"]
[Result "1-0"]
[WhiteElo "2464"]
[BlackElo "2130"]
[PlyCount "67"]
[EventDate "2008.10.04"]

1. d4 d5 2. Nf3 c6 3. c4 Nf6 4. Nc3 a6 5. c5 Nbd7 6. Bf4 Nh5 7. Qd2 Nxf4 8.
Qxf4 b6 9. e4 e6 10. b4 Be7 11. Bd3 a5 12. b5 Bb7 13. exd5 exd5 14. bxc6 Bxc6
15. Bb5 Bxb5 16. Nxb5 O-O 17. c6 Bb4+ 18. Kf1 Nf6 19. a3 Be7 20. a4 Ne4 21. Rc1
Nd6 22. c7 Qd7 23. Ne5 Qe6 24. Rc6 g5 25. Qg3 Ne4 26. Qe3 Qf5 27. f3 Nf6 28. g4
Qf4 29. Qxf4 gxf4 30. Kf2 h6 31. Rhc1 Rfc8 32. Rxb6 Kg7 33. Rb7 Ne8 34. Rc6 1-0

[Event "XX Festival A"]
[Site "Lucca ITA"]
[Date "2008.10.05"]
[Round "3"]
[White "Sciortino, Massimo"]
[Black "Bini, Lorenzo"]
[Result "1-0"]
[WhiteElo "2222"]
[BlackElo "1996"]
[PlyCount "61"]
[EventDate "2008.10.04"]

1. e4 d6 2. f4 g6 3. Nc3 Bg7 4. Nf3 a6 5. a4 b6 6. d4 Bb7 7. Bd3 e6 8. O-O Ne7
9. Qe1 Nd7 10. Be3 d5 11. e5 c5 12. Nd1 cxd4 13. Nxd4 Nc5 14. Nc3 Nc6 15. Qf2
Nxd4 16. Bxd4 Nd7 17. Rae1 O-O 18. h3 Re8 19. Kh2 f5 20. exf6 Bxf6 21. Ne2 Rc8
22. c3 Nc5 23. Bc2 a5 24. b4 axb4 25. cxb4 Na6 26. Bxf6 Qxf6 27. Qxb6 Qe7 28.
b5 Nb4 29. Bb1 e5 30. fxe5 Qxe5+ 31. Ng3 1-0

[Event "XX Festival A"]
[Site "Lucca ITA"]
[Date "2008.10.05"]
[Round "3"]
[White "Tocchioni, Doriano"]
[Black "Mazzini, Mauro"]
[Result "1/2-1/2"]
[WhiteElo "2259"]
[BlackElo "2060"]
[PlyCount "37"]
[EventDate "2008.10.04"]

1. d4 d5 2. Nf3 Nf6 3. c4 e6 4. Nc3 Bb4 5. Qa4+ Nc6 6. Ne5 Bd7 7. Nxc6 Bxc3+ 8.
bxc3 Bxc6 9. Qb3 Ne4 10. c5 O-O 11. g3 e5 12. f3 Nf6 13. Bh3 b6 14. dxe5 Nd7
15. Bxd7 Qxd7 16. cxb6 axb6 17. O-O Qe7 18. f4 Qc5+ 19. Rf2 1/2-1/2

[Event "XX Festival A"]
[Site "Lucca ITA"]
[Date "2008.10.11"]
[Round "4"]
[White "De Filomeno, Simone"]
[Black "Novelli, Cristiano"]
[Result "1-0"]
[WhiteElo "2147"]
[BlackElo "2069"]
[PlyCount "103"]
[EventDate "2008.10.04"]

1. e4 e5 2. Nf3 Nc6 3. Bb5 a6 4. Ba4 Nf6 5. d3 d6 6. c3 Bd7 7. Nbd2 g6 8. O-O
Bg7 9. d4 O-O 10. d5 Ne7 11. Bxd7 Nxd7 12. c4 a5 13. b3 Nc5 14. Qc2 c6 15. Ba3
cxd5 16. cxd5 Rc8 17. Qb1 b5 18. b4 axb4 19. Bxb4 Qb6 20. Rc1 f6 21. Bxc5 Rxc5
22. Rxc5 Qxc5 23. a4 bxa4 24. Rxa4 Rc8 25. Rc4 Qxc4 26. Nxc4 Rxc4 27. Qb8+ Rc8
28. Qb4 Rc1+ 29. Ne1 Rd1 30. Kf1 Bf8 31. f3 f5 32. Qxd6 fxe4 33. Qe6+ Kg7 34.
Qxe5+ Kf7 35. Ke2 Rxd5 36. Qxe4 Bg7 37. Qc4 Kf8 38. Nd3 Rd4 39. Qc5 Rd5 40. Qa7
Bd4 41. Qa8+ Kf7 42. Nf4 Rd7 43. Qa2+ Ke8 44. Qa4 Bb6 45. g4 g5 46. Ne6 Nd5 47.
Qc6 h6 48. Nf8 Nf4+ 49. Kf1 Kxf8 50. Qxd7 Be3 51. Qh7 Ne6 52. Qe4 1-0

[Event "XX Festival A"]
[Site "Lucca ITA"]
[Date "2008.10.11"]
[Round "4"]
[White "Franceschi, Riccardo"]
[Black "Tocchioni, Doriano"]
[Result "0-1"]
[WhiteElo "2161"]
[BlackElo "2259"]
[PlyCount "48"]
[EventDate "2008.10.04"]

1. e4 d5 2. exd5 Nf6 3. d4 Qxd5 4. c4 Qd6 5. Nc3 c6 6. Nf3 g6 7. Be2 Bg7 8. O-O
O-O 9. Re1 Rd8 10. Qb3 Qc7 11. d5 Nbd7 12. Bg5 Nc5 13. Qa3 cxd5 14. Bxf6 exf6
15. Nxd5 Qd6 16. Nd4 Bf8 17. Qf3 f5 18. Nb5 Qe5 19. b4 Ne6 20. Bd3 Qg7 21. Nbc7
Rb8 22. c5 Bd7 23. Bb5 Nd4 24. Qd3 Nxb5 0-1

[Event "XX Festival A"]
[Site "Lucca ITA"]
[Date "2008.10.11"]
[Round "4"]
[White "Labardi, Simone"]
[Black "Riccio, Eros"]
[Result "1/2-1/2"]
[WhiteElo "2025"]
[BlackElo "2203"]
[PlyCount "53"]
[EventDate "2008.10.04"]

1. c4 e6 2. Nc3 d5 3. cxd5 exd5 4. d4 c6 5. Qc2 Be7 6. e3 Nf6 7. Nf3 O-O 8. Bd3
Re8 9. O-O Nbd7 10. Ne5 Nf8 11. f4 N6d7 12. Bd2 Nxe5 13. fxe5 f6 14. exf6 Bxf6
15. Ne2 Be6 16. Bb4 Be7 17. Bxe7 Qxe7 18. Rae1 Bf7 19. Ng3 Bg6 20. Nf5 Bxf5 21.
Rxf5 Nd7 22. e4 Qb4 23. Qc3 Qxc3 24. bxc3 dxe4 25. Rxe4 Rxe4 26. Bxe4 g6 27.
Rf3 1/2-1/2

[Event "XX Festival A"]
[Site "Lucca ITA"]
[Date "2008.10.11"]
[Round "4"]
[White "Lasio, Millo"]
[Black "Frugoli, Francesco"]
[Result "1/2-1/2"]
[WhiteElo "2097"]
[BlackElo "2161"]
[PlyCount "42"]
[EventDate "2008.10.04"]

1. d4 d5 2. e3 Nf6 3. f4 Bg4 4. Nf3 e6 5. Bd3 Nbd7 6. Nbd2 Bd6 7. h3 Bxf3 8.
Qxf3 c6 9. e4 dxe4 10. Bxe4 Qc7 11. Nc4 Nxe4 12. Qxe4 Nf6 13. Qf3 O-O 14. O-O
c5 15. Nxd6 Qxd6 16. Be3 cxd4 17. Rad1 Qd5 18. Bxd4 Qxf3 19. Rxf3 Rfd8 20. c3
Nd5 21. Re1 Ne7 1/2-1/2

[Event "XX Festival A"]
[Site "Lucca ITA"]
[Date "2008.10.11"]
[Round "4"]
[White "Paolinelli, Giacomo"]
[Black "Sciortino, Massimo"]
[Result "1/2-1/2"]
[WhiteElo "2130"]
[BlackElo "2222"]
[PlyCount "64"]
[EventDate "2008.10.04"]

1. e4 d6 2. d4 Nf6 3. Nc3 g6 4. Be3 c6 5. Qd2 b5 6. Bd3 Qa5 7. Nf3 Bg4 8. e5
Bxf3 9. exf6 Bxg2 10. Rg1 Bf3 11. Bh6 b4 12. Ne2 Bxh6 13. Qxh6 Bxe2 14. Bxe2
Nd7 15. fxe7 Kxe7 16. Qh4+ Kf8 17. Qf4 Qc7 18. Qh6+ Kg8 19. O-O-O Re8 20. Bd3
Nf8 21. f4 Qd8 22. f5 Qf6 23. Rg4 Qg7 24. Qh4 h5 25. Rg3 Qh6+ 26. Kb1 Rh7 27.
Rdg1 Rg7 28. Qf6 Qf4 29. b3 Qf2 30. Qxd6 Re1+ 31. Rxe1 Qxe1+ 32. Kb2 Qc3+
1/2-1/2

[Event "XX Festival A"]
[Site "Lucca ITA"]
[Date "2008.10.12"]
[Round "5"]
[White "Frugoli, Francesco"]
[Black "Di Candia, Roberto"]
[Result "1-0"]
[WhiteElo "2161"]
[BlackElo "1840"]
[PlyCount "83"]
[EventDate "2008.10.04"]

1. e4 d6 2. d4 Nf6 3. Nc3 c6 4. f4 Qa5 5. e5 Ne4 6. Qf3 d5 7. Bd3 Na6 8. Nge2
Nb4 9. O-O Nxd3 10. cxd3 Nxc3 11. bxc3 g6 12. Bd2 h5 13. Be1 Bf5 14. Ng3 Bg4
15. Qe3 h4 16. h3 Be6 17. f5 gxf5 18. Nxf5 Rh5 19. Nxh4 Bh6 20. Qf3 Rxh4 21.
Bxh4 Qxc3 22. Bf2 O-O-O 23. Be3 Bg7 24. Rfd1 f6 25. Rac1 Qb4 26. Rb1 Qa4 27.
Bf2 fxe5 28. dxe5 Rg8 29. d4 Qc2 30. Rdc1 Qe4 31. Qxe4 dxe4 32. Be3 Bf8 33. g4
Bd5 34. a4 e6 35. Kg2 Be7 36. Rf1 Rg7 37. Kg3 Bg5 38. Bxg5 Rxg5 39. Rf7 c5 40.
h4 Rg8 41. dxc5 e3 42. Re1 1-0

[Event "XX Festival A"]
[Site "Lucca ITA"]
[Date "2008.10.12"]
[Round "5"]
[White "Mazzini, Mauro"]
[Black "Rinaldi, Francesco Saverio"]
[Result "0-1"]
[WhiteElo "2060"]
[BlackElo "2205"]
[PlyCount "53"]
[EventDate "2008.10.04"]

1. e4 c5 2. Nf3 g6 3. d4 cxd4 4. Nxd4 Nc6 5. Nc3 Bg7 6. Be3 Nf6 7. Be2 O-O 8.
f4 Qb6 9. Qd3 Qxb2 10. Rb1 Qa3 11. O-O Qa5 12. Rb5 Qd8 13. e5 Ne8 14. Bf3 Nc7
15. Rbb1 Nxd4 16. Qxd4 d6 17. Bxb7 Bxb7 18. Rxb7 Ne6 19. Qe4 dxe5 20. fxe5 Qa5
21. Nd5 Nc5 22. Nxe7+ Kh8 23. Bxc5 Qxc5+ 24. Kh1 Rfe8 25. Qc6 Qxe5 26. Nd5 Rac8
27. Qd7 0-1

[Event "XX Festival A"]
[Site "Lucca ITA"]
[Date "2008.10.12"]
[Round "5"]
[White "Neubauer, Kai"]
[Black "Franceschi, Riccardo"]
[Result "1/2-1/2"]
[WhiteElo "2016"]
[BlackElo "2161"]
[PlyCount "49"]
[EventDate "2008.10.04"]

1. d4 d5 2. c4 e6 3. Nc3 Nf6 4. cxd5 exd5 5. Bg5 Be7 6. e3 O-O 7. Bd3 Nbd7 8.
Qc2 h6 9. Bh4 Re8 10. Nf3 c6 11. O-O-O b5 12. h3 a5 13. g4 b4 14. Na4 Ne4 15.
Bxe7 Qxe7 16. Bxe4 dxe4 17. Nd2 Ba6 18. Nc4 Bb5 19. b3 Bxa4 20. bxa4 c5 21. d5
Qf6 22. Kb1 Qa6 23. d6 Qc6 24. Rd2 Rab8 25. Rhd1 1/2-1/2

[Event "XX Festival A"]
[Site "Lucca ITA"]
[Date "2008.10.12"]
[Round "5"]
[White "Riccio, Eros"]
[Black "De Filomeno, Simone"]
[Result "1/2-1/2"]
[WhiteElo "2203"]
[BlackElo "2147"]
[PlyCount "51"]
[EventDate "2008.10.04"]

1. e4 c5 2. Nf3 Nc6 3. d4 cxd4 4. Nxd4 g6 5. c4 Nf6 6. Nc3 Nxd4 7. Qxd4 d6 8.
Be2 Bg7 9. Be3 O-O 10. Qd2 Be6 11. O-O Qa5 12. Rab1 Qb4 13. f3 Rfc8 14. b3 a6
15. Rfc1 Nd7 16. Nd5 Qxd2 17. Bxd2 Bxd5 18. cxd5 Bd4+ 19. Kf1 Kf8 20. Bd3 e6
21. Bc4 Ke7 22. dxe6 fxe6 23. Bg5+ Bf6 24. Bf4 Be5 25. Bg5+ Bf6 26. Bf4 1/2-1/2

[Event "XX Festival A"]
[Site "Lucca ITA"]
[Date "2008.10.12"]
[Round "5"]
[White "Sciortino, Massimo"]
[Black "Madiai, Federico"]
[Result "0-1"]
[WhiteElo "2222"]
[BlackElo "2096"]
[PlyCount "120"]
[EventDate "2008.10.04"]

1. e4 e5 2. Nf3 Nc6 3. Bb5 Nf6 4. O-O Nxe4 5. Re1 Nd6 6. Nxe5 Nxe5 7. Rxe5+ Be7
8. Bd3 O-O 9. Nc3 Bf6 10. Re3 Bd4 11. Rh3 g6 12. b3 Ne8 13. Ba3 d6 14. Rg3 Ng7
15. Qf3 Be5 16. Re1 Bxg3 17. hxg3 Re8 18. Rxe8+ Nxe8 19. Bc4 Qf6 20. Qe3 Qe5
21. Qh6 Be6 22. Bb2 Bxc4 23. bxc4 Qg7 24. Qe3 Qe5 25. Qf3 c6 26. Nd1 Qe6 27.
Ne3 Rd8 28. Ng4 f6 29. Bxf6 Nxf6 30. Nxf6+ Kg7 31. Ng4 Rf8 32. Qc3+ Kf7 33. Ne3
Ke8 34. Qa5 a6 35. Qc7 Qd7 36. Qa5 Qd8 37. Qb4 Rf7 38. f3 Qf6 39. c3 Qe5 40.
Kf2 Qc5 41. Qb1 Kd8 42. Qe4 Re7 43. Qf4 Qe5 44. Qf8+ Kc7 45. Qh6 Qa5 46. Qf8
Rd7 47. Qf4 Qxa2 48. Ng4 Qa5 49. Nf6 Qe5 50. Nxd7 Qxf4 51. gxf4 Kxd7 52. Ke3
Ke6 53. Kd4 c5+ 54. Kd3 Kf5 55. g3 h5 56. Kc2 h4 57. gxh4 Kxf4 58. Kb3 Kxf3 59.
d4 Kg4 60. Ka4 b6 0-1

[Event "XX Festival A"]
[Site "Lucca ITA"]
[Date "2008.10.12"]
[Round "6"]
[White "Paolinelli, Giacomo"]
[Black "Riccio, Eros"]
[Result "0-1"]
[WhiteElo "2130"]
[BlackElo "2203"]
[PlyCount "96"]
[EventDate "2008.10.04"]

1. e4 c5 2. Nc3 d6 3. f4 Nc6 4. Nf3 Bg4 5. Bb5 a6 6. Bxc6+ bxc6 7. O-O e6 8. h3
Bxf3 9. Qxf3 Qd7 10. b3 g6 11. Na4 Bg7 12. Nb6 Qd8 13. Nxa8 Bxa1 14. c3 Qxa8
15. Ba3 Ne7 16. f5 gxf5 17. exf5 e5 18. Rxa1 Kd7 19. f6 Ng6 20. Rd1 Kc7 21. d4
cxd4 22. cxd4 exd4 23. Rxd4 c5 24. Bxc5 Qxf3 25. Bxd6+ Kc6 26. gxf3 Rd8 27. Bc5
Rg8 28. Bb4 Nf4+ 29. Kh2 Nd5 30. Rc4+ Kd7 31. Bc3 Ne3 32. Rd4+ Kc6 33. Re4 Nf1+
34. Kh1 Ng3+ 35. Kh2 Nxe4 36. fxe4 Kd7 37. a4 Rc8 38. Bd4 Rb8 39. Kg3 Rxb3+ 40.
Kf4 Rb4 41. Bc5 Rxa4 42. Be7 Ke6 43. h4 Ra5 44. Bb4 Rb5 45. Be7 a5 46. Kg4 a4
47. Kf4 Rb3 48. Kg5 a3 0-1

[Event "XX Festival A"]
[Site "Lucca ITA"]
[Date "2008.10.12"]
[Round "6"]
[White "Salvador, Roland"]
[Black "Tocchioni, Doriano"]
[Result "1-0"]
[WhiteElo "2464"]
[BlackElo "2259"]
[PlyCount "60"]
[EventDate "2008.10.04"]

1. d4 Nf6 2. Nf3 e6 3. c4 b6 4. g3 Ba6 5. Qc2 Bb4+ 6. Bd2 Be7 7. e4 d5 8. cxd5
Bxf1 9. Kxf1 exd5 10. e5 Ne4 11. Nc3 Nxc3 12. bxc3 c5 13. Kg2 Nc6 14. h4 Rc8
15. dxc5 Bxc5 16. Rhe1 Ne7 17. e6 f6 18. Qa4+ Rc6 19. Qg4 O-O 20. Bh6 Ng6 21.
h5 f5 22. Qa4 Ne7 23. Bg5 Qa8 24. h6 g6 25. Qf4 Qb8 26. Ne5 Rxe6 27. Nd7 Qxf4
28. gxf4 Rxe1 29. Rxe1 Nc6 30. Nxf8 Kxf8 1-0

[Event "XX Festival A"]
[Site "Lucca ITA"]
[Date "2008.10.12"]
[Round "6"]
[White "Vuelban, Virgilio"]
[Black "Parrini, Daniele"]
[Result "1-0"]
[WhiteElo "2390"]
[BlackElo "2034"]
[PlyCount "118"]
[EventDate "2008.10.04"]

1. d4 Nf6 2. c4 g6 3. Nc3 d5 4. cxd5 Nxd5 5. e4 Nxc3 6. bxc3 Bg7 7. Bc4 c5 8.
Ne2 O-O 9. O-O Nc6 10. Be3 Qc7 11. Rc1 Rd8 12. Qd2 Qa5 13. Rfd1 cxd4 14. cxd4
Qxd2 15. Rxd2 Na5 16. Bd3 Bd7 17. Rdc2 b5 18. Rc7 a6 19. Bd2 Nc4 20. Bb4 Bf8
21. Bxc4 bxc4 22. Nc3 Rac8 23. Ra7 Ra8 24. Rxa8 Rxa8 25. f4 e6 26. Bxf8 Kxf8
27. Rb1 Ra7 28. Kf2 f5 29. e5 Ke7 30. Rb6 Bc8 31. Ke3 Bb7 32. g3 Kd7 33. Na4
Bd5 34. Nc5+ Ke7 35. Kd2 c3+ 36. Kxc3 Bxa2 37. Rb8 Rc7 38. Rh8 h5 39. Kb2 Bd5
40. Rh6 Rc6 41. Rxg6 Rb6+ 42. Kc3 a5 43. Rg7+ Ke8 44. Ra7 Rb1 45. Rxa5 Rh1 46.
Ra6 Kf7 47. Ra7+ Ke8 48. h4 Rg1 49. Rg7 Kf8 50. Rg5 Kf7 51. Nd3 Bf3 52. Nc5 Bg4
53. Nb7 Rxg3+ 54. Kb4 Rf3 55. Na5 Rxf4 56. Kc5 Bd1 57. d5 exd5 58. Kd6 Ke8 59.
e6 Kf8 1-0

[Event "XXVI Coppa d'Oro"]
[Site "Villa Guardia ITA"]
[Date "2008.10.10"]
[Round "1"]
[White "Cairoli, Camillo"]
[Black "Raineri, Pieroberto"]
[Result "1-0"]
[WhiteElo "1910"]
[BlackElo "1699"]
[PlyCount "76"]
[EventDate "2008.10.10"]

1. Nf3 Nf6 2. c4 g6 3. Nc3 Bg7 4. g3 O-O 5. Bg2 d6 6. O-O Nc6 7. d4 Rb8 8. h3
Bd7 9. Be3 a6 10. Rc1 Qc8 11. Kh2 Re8 12. Qd2 e5 13. Rfd1 e4 14. Ng5 Bf5 15. g4
Bxg4 16. hxg4 Nxg4+ 17. Kg1 Nxe3 18. Qxe3 Bh6 19. Qg3 f5 20. e3 Nb4 21. Bf1 Qd8
22. Nh3 Nc6 23. Nd5 Rf8 24. c5 Rf7 25. a3 g5 26. Bc4 Kh8 27. Kh1 Rg7 28. cxd6
cxd6 29. b4 Rg6 30. Rg1 Rc8 31. Be2 Qg8 32. Bh5 Qxd5 33. Bxg6 hxg6 34. Nxg5 Kg7
35. Kg2 f4 36. exf4 e3+ 37. Kf1 Qb5+ 38. Ke1 Rf8 1-0

[Event "XXVI Coppa d'Oro"]
[Site "Villa Guardia ITA"]
[Date "2008.10.10"]
[Round "1"]
[White "Cervini, Gian Piero"]
[Black "Calabrese, Salvatore"]
[Result "1-0"]
[WhiteElo "1768"]
[BlackElo "1251"]
[PlyCount "65"]
[EventDate "2008.10.10"]

1. e4 Nf6 2. e5 Nd5 3. d4 Nc6 4. c4 Ndb4 5. a3 Na6 6. b4 e6 7. b5 Rb8 8. Nf3 f5
9. Nc3 h6 10. Be3 d5 11. bxc6 bxc6 12. c5 Be7 13. Qa4 Nxc5 14. dxc5 O-O 15. Be2
g5 16. Nd4 Bd7 17. Nxc6 Bxc6 18. Qxc6 g4 19. Qxe6+ Rf7 20. Nxd5 Rb2 21. Bc4 Bg5
22. Nf6+ Bxf6 23. Qxf7+ Kh8 24. exf6 Qg8 25. Qg7+ Qxg7 26. fxg7+ Kxg7 27. Bd4+
Kg6 28. Bxb2 c6 29. O-O-O a6 30. Rd7 a5 31. h4 a4 32. Rg7+ Kh5 33. Bf7# 1-0

[Event "XXVI Coppa d'Oro"]
[Site "Villa Guardia ITA"]
[Date "2008.10.10"]
[Round "1"]
[White "Corti, Filippo"]
[Black "Colombo, Alberto"]
[Result "0-1"]
[WhiteElo "1706"]
[BlackElo "2089"]
[PlyCount "98"]
[EventDate "2008.10.10"]

1. Nf3 d5 2. g3 Nf6 3. Bg2 Bg4 4. Ne5 Bf5 5. c4 c6 6. cxd5 cxd5 7. Qa4+ Nbd7 8.
d3 a6 9. Nxd7 Bxd7 10. Qb3 Bc6 11. Nc3 e6 12. O-O Be7 13. Bf4 O-O 14. Rac1 Rc8
15. d4 Re8 16. Na4 Bxa4 17. Qxa4 Qb6 18. Be5 Qb4 19. Qxb4 Bxb4 20. Bxf6 gxf6
21. Rfd1 b5 22. a3 Bf8 23. b4 f5 24. e3 h5 25. h4 Kg7 26. f4 Kg6 27. Bf3 Red8
28. Be2 f6 29. Kf2 Bd6 30. Ke1 Bb8 31. Kd2 Ba7 32. Rxc8 Rxc8 33. Rc1 Rxc1 34.
Kxc1 e5 35. fxe5 fxe5 36. Bf3 e4 37. Be2 Bb8 38. a4 Bxg3 39. axb5 axb5 40. Bxb5
Bxh4 41. Bf1 Bf2 42. Kd2 f4 43. exf4 Bxd4 44. b5 Kf5 45. Bh3+ Kxf4 46. Be6 h4
47. Ke2 Ke5 48. Bh3 Bb6 49. Bg2 Kf4 0-1